000 00198 a2200097 4500
001 10363
100 _aP S A
245 _aProceedingss of the N P
260 _a
_bS N P S C
_c
090 _c8015
_d8015
942 _aNUST-CAE
_cM
_c34729
999 _c245436
_d245436